000 00201nam a22000857a 4500
001 1301055
005 20260427164242.0
245 _aBİLİMLE EL ELE-MADDE
_cLOLA M. SCHAEEFR
260 _bTÜBİTAK YAYINLARI
999 _c1301055
_d1301055